[Event "Stuttgarter Stadtmeisterschaft B"]
[Site "Ditzingen"]
[Date "2015.05.14"]
[Round "1.1"]
[White "Götzfried, Alexander"]
[Black "Helmich, Jörg"]
[Result "1-0"]
[WhiteElo "1893"]
[BlackElo "1704"]
[PlyCount "63"]
[EventDate "2015.??.??"]
[WhiteTeam "Stuttgarter SF 1879"]
[BlackTeam "Regensb. Turnerschaft"]

1. d4 Nf6 2. c4 g6 3. Nc3 d5 4. g3 c6 5. Bg2 Bg7 6. Nf3 O-O 7. O-O dxc4 8. e4
Bg4 9. e5 Nd5 10. Ne4 f6 11. exf6 Nxf6 12. Neg5 h6 13. Nh3 Nbd7 14. Nf4 Kh7 15.
Qc2 Bf5 16. Qxc4 Nb6 17. Qb3 Nfd5 18. Nxd5 cxd5 19. a4 Be4 20. Ne5 Bxg2 21.
Kxg2 Bxe5 22. dxe5 Qc7 23. Qe3 g5 24. b3 Qc2 25. Ba3 d4 26. Qxd4 Rad8 27. Rac1
Qc6+ 28. Rxc6 Rxd4 29. Rc7 Rd7 30. Rfc1 Rfd8 31. e6 Rxc7 32. Rxc7 1-0

[Event "Stuttgarter Stadtmeisterschaft B"]
[Site "Ditzingen"]
[Date "2015.05.14"]
[Round "1.2"]
[White "Schmitz, Harald"]
[Black "Dreyer, Andre"]
[Result "0-1"]
[WhiteElo "1701"]
[BlackElo "1891"]
[PlyCount "70"]
[EventDate "2015.??.??"]
[WhiteTeam "SC Aidlingen"]
[BlackTeam "SV Stockenhausen-Frommern"]

1. e4 d5 2. exd5 Nf6 3. Nc3 Nxd5 4. Nxd5 Qxd5 5. d4 Nc6 6. Be3 e5 7. dxe5 Qxe5
8. c3 Bc5 9. Nf3 Qe7 10. Qe2 O-O 11. Bxc5 Qxc5 12. O-O-O Be6 13. Qc2 a5 14. h4
h6 15. Bd3 Rfd8 16. Be4 Bxa2 17. Bxc6 bxc6 18. Rxd8+ Rxd8 19. Rd1 Rxd1+ 20.
Kxd1 Bd5 21. Qe2 Qb5 22. Ke1 Kf8 23. g3 Bxf3 24. Qxf3 Qe5+ 25. Kd2 Qd5+ 26.
Qxd5 cxd5 27. Kd3 c5 28. b3 Ke7 29. g4 g5 30. hxg5 hxg5 31. c4 d4 32. Ke4 Ke6
33. f4 gxf4 34. Kxf4 Kf6 35. g5+ Kg6 0-1

[Event "Stuttgarter Stadtmeisterschaft B"]
[Site "Ditzingen"]
[Date "2015.05.14"]
[Round "1.3"]
[White "Meusel, Rolf"]
[Black "Ziegler, Michael"]
[Result "1/2-1/2"]
[WhiteElo "1884"]
[BlackElo "1692"]
[PlyCount "38"]
[EventDate "2015.??.??"]
[WhiteTeam "SK Handschuhsheim"]
[BlackTeam "SF Kornwestheim"]

1. e4 c5 2. Nf3 d6 3. d4 cxd4 4. Nxd4 Bd7 5. Nc3 a6 6. Be2 Nf6 7. O-O g6 8. Be3
Bg7 9. h3 O-O 10. Qd2 Nc6 11. Rad1 Rc8 12. Nxc6 Bxc6 13. Bf3 Nd7 14. Bd4 Ne5
15. Be2 Bd7 16. Nd5 Be6 17. c3 Bxd5 18. exd5 Qa5 19. Bxe5 Bxe5 1/2-1/2

[Event "Stuttgarter Stadtmeisterschaft B"]
[Site "Ditzingen"]
[Date "2015.05.14"]
[Round "1.4"]
[White "Domingos, Antonio"]
[Black "Paschmann, Stefan"]
[Result "0-1"]
[WhiteElo "1690"]
[BlackElo "1881"]
[PlyCount "120"]
[EventDate "2015.??.??"]
[BlackTeam "Krefelder Schachklub Turm 1851 e"]

1. e4 c6 2. d4 d5 3. Nc3 dxe4 4. Nxe4 Bf5 5. Ng3 Bg6 6. Nf3 Nf6 7. Bc4 e6 8. c3
Nbd7 9. Bg5 Be7 10. O-O O-O 11. Nh4 b5 12. Bb3 c5 13. Nxg6 hxg6 14. dxc5 Nxc5
15. Bc2 Qc7 16. Qe2 a5 17. Rfe1 Rad8 18. Rad1 Qc6 19. Rxd8 Rxd8 20. Rd1 b4 21.
Rxd8+ Bxd8 22. cxb4 axb4 23. Qd2 Qb6 24. Be3 Nd5 25. Bd4 Qa5 26. a3 bxa3 27.
Qxa5 Bxa5 28. bxa3 Nd7 29. Ne4 Kf8 30. Kf1 N7b6 31. Bc5+ Kg8 32. Nd6 Nd7 33.
Bd4 Bc7 34. Ne8 Bb8 35. Ba4 e5 36. Bxd7 exd4 37. Ke2 Kf8 38. Bc6 Nf4+ 39. Kf3
d3 40. g3 Ne6 41. Ke3 Nc5 42. Kd2 g5 43. h4 gxh4 44. gxh4 Bf4+ 45. Kd1 d2 46.
Kc2 Nd3 47. h5 Nxf2 48. Bf3 Kxe8 49. a4 d1=Q+ 50. Bxd1 Nxd1 51. Kxd1 Kd7 52.
Ke2 Kc6 53. Kf3 Bh6 54. Ke4 Kc5 55. Kf5 Kb4 56. Ke5 Kxa4 57. Ke4 Kb5 58. Kd5
Bc1 59. Ke4 Kc5 60. Kf5 Kd5 0-1

[Event "Stuttgarter Stadtmeisterschaft B"]
[Site "Ditzingen"]
[Date "2015.05.14"]
[Round "1.5"]
[White "Lüdke, Joshua"]
[Black "Uhlarz, Jörg"]
[Result "1-0"]
[WhiteElo "1823"]
[BlackElo "1690"]
[PlyCount "57"]
[EventDate "2015.??.??"]
[WhiteTeam "SV Marbach"]
[BlackTeam "SC Mühlacker"]

1. e4 e5 2. Nf3 Nc6 3. Bb5 d6 4. d4 exd4 5. Nxd4 Bd7 6. Nc3 Nf6 7. Bg5 Be7 8.
f4 O-O 9. O-O Ne8 10. Bxe7 Nxe7 11. Bc4 c6 12. Kh1 b5 13. Bd3 Qb6 14. Nf3 c5
15. Qd2 b4 16. Nd5 Nxd5 17. exd5 h6 18. c4 Nf6 19. h3 Rae8 20. Rae1 Qd8 21. Kh2
g6 22. f5 Kg7 23. Qf4 Rxe1 24. Rxe1 Ne8 25. Qg3 g5 26. h4 Rh8 27. Kg1 Qf6 28.
hxg5 Qd4+ 29. Nxd4 1-0

[Event "Stuttgarter Stadtmeisterschaft B"]
[Site "Ditzingen"]
[Date "2015.05.14"]
[Round "1.6"]
[White "Weisensel, Wolfgang"]
[Black "Wezel, Sebastian"]
[Result "0-1"]
[WhiteElo "1685"]
[BlackElo "1866"]
[PlyCount "104"]
[EventDate "2015.??.??"]
[WhiteTeam "Stuttgarter SF"]
[BlackTeam "SV Dettingen Erms"]

1. Nf3 g6 2. g3 Bg7 3. Bg2 d6 4. d4 Nf6 5. O-O O-O 6. c3 Nbd7 7. Nbd2 Re8 8.
Nb3 a5 9. a4 c6 10. Qc2 Qc7 11. e4 e5 12. dxe5 dxe5 13. Re1 b6 14. c4 c5 15.
Bg5 Nh5 16. Nfd2 Nf8 17. Nf1 Ne6 18. Be3 Bd7 19. Nc1 Rac8 20. Rb1 Bf8 21. b3
Nhg7 22. Rb2 Rcd8 23. f3 f5 24. Bf2 f4 25. g4 Nd4 26. Bxd4 cxd4 27. Rd1 Ba3 28.
Ra2 Bxc1 29. Qxc1 Ne6 30. Qb1 Nc5 31. Rad2 Be6 32. h3 Qe7 33. Nh2 Kf7 34. Bf1
Rh8 35. Qc2 h5 36. Rf2 Rh7 37. Rdd2 Rdh8 38. Qb1 hxg4 39. hxg4 Na6 40. Qb2 Qb4
41. Qa2 Rh4 42. Rd1 Nc5 43. Rb1 Bd7 44. Qd2 Qxd2 45. Rxd2 Ke7 46. Rbb2 Kd6 47.
Bd3 Na6 48. Bb1 Kc5 49. Ba2 Kb4 50. Bb1 Nc5 51. Ba2 Ne6 52. Rf2 Ng5 0-1

[Event "Stuttgarter Stadtmeisterschaft B"]
[Site "Ditzingen"]
[Date "2015.05.14"]
[Round "1.7"]
[White "Lehmann, Stefan"]
[Black "Kobald, Matthias"]
[Result "1-0"]
[WhiteElo "1864"]
[BlackElo "1683"]
[PlyCount "65"]
[EventDate "2015.??.??"]
[WhiteTeam "Ssg Fils-Lauter e. V."]
[BlackTeam "SV Stuttgart-Wolfbusch"]

1. e4 c5 2. Nc3 g6 3. f4 Bg7 4. Nf3 d6 5. Bc4 e6 6. d3 Ne7 7. O-O O-O 8. Bb3
Nbc6 9. Qe1 Nd4 10. e5 Nxf3+ 11. Rxf3 dxe5 12. fxe5 b6 13. Bf4 Bb7 14. Rf1 a6
15. Qe2 Nc6 16. Rae1 Qd4+ 17. Kh1 Ne7 18. Bg5 Rae8 19. Rf4 Qd7 20. Bf6 Nf5 21.
Qf2 Qc7 22. Nd1 Bc6 23. Rg4 Rc8 24. Ne3 Qd7 25. Nxf5 exf5 26. Rh4 Bb7 27. e6
Qc6 28. exf7+ Kh8 29. Re6 Qd7 30. Bxg7+ Kxg7 31. Rxh7+ Kxh7 32. Qh4+ Kg7 33.
Qf6+ 1-0

[Event "Stuttgarter Stadtmeisterschaft B"]
[Site "Ditzingen"]
[Date "2015.05.14"]
[Round "1.8"]
[White "Herbst, Rudolf"]
[Black "Götze, Peter"]
[Result "1/2-1/2"]
[WhiteElo "1681"]
[BlackElo "1862"]
[PlyCount "43"]
[EventDate "2015.??.??"]
[WhiteTeam "SG Fasanenhof"]
[BlackTeam "SV Besigheim"]

1. c4 Nf6 2. Nc3 c6 3. Nf3 d6 4. d4 Nbd7 5. g3 e5 6. dxe5 dxe5 7. Bg2 Be7 8.
O-O O-O 9. Qc2 Qc7 10. b3 Re8 11. Bb2 Bf8 12. e3 b6 13. Rac1 Bb7 14. Ng5 Rad8
15. Rfd1 Bc8 16. Nge4 g6 17. Nxf6+ Nxf6 18. Ne4 Nxe4 19. Qxe4 Bd7 20. Rd2 f5
21. Qc2 Bb4 22. Bc3 1/2-1/2

[Event "Stuttgarter Stadtmeisterschaft B"]
[Site "Ditzingen"]
[Date "2015.05.14"]
[Round "1.9"]
[White "Florin, Jon"]
[Black "Kußmann, Alexander"]
[Result "1-0"]
[WhiteElo "1858"]
[BlackElo "1681"]
[PlyCount "83"]
[EventDate "2015.??.??"]
[BlackTeam "SC Aidlingen"]

1. e4 c5 2. Nc3 e6 3. f4 Nc6 4. Bb5 Nd4 5. Nf3 Nxb5 6. Nxb5 a6 7. Nc3 b5 8. O-O
Bb7 9. d3 Nf6 10. Qe1 d5 11. exd5 Nxd5 12. f5 Nc7 13. fxe6 f6 14. Bf4 Bxf3 15.
Rxf3 Qd4+ 16. Kh1 Nd5 17. Nxd5 Qxd5 18. e7 Bxe7 19. Re3 Qd7 20. Qg3 g5 21. Bd6
O-O-O 22. Bxe7 Rde8 23. Rae1 h5 24. Qd6 Qxd6 25. Bxd6 Rxe3 26. Rxe3 Kd7 27.
Bxc5 Rc8 28. d4 h4 29. Re7+ Kd8 30. Re6 Kd7 31. Rd6+ Kc7 32. Re6 Kd7 33. Re7+
Kd8 34. Re3 Kd7 35. Kg1 a5 36. h3 b4 37. Re7+ Kd8 38. Re6 Kd7 39. Rxf6 Re8 40.
Kf2 Re6 41. Rxe6 Kxe6 42. Kf3 1-0

[Event "Stuttgarter Stadtmeisterschaft B"]
[Site "Ditzingen"]
[Date "2015.05.14"]
[Round "1.10"]
[White "Fuchs, Egbert"]
[Black "Fuss, Thomas"]
[Result "1/2-1/2"]
[WhiteElo "1681"]
[BlackElo "1857"]
[PlyCount "146"]
[EventDate "2015.??.??"]
[WhiteTeam "SVG Vaihingen/Enz"]
[BlackTeam "SV Rottweil"]

1. d4 Nf6 2. Nf3 g6 3. g3 Bg7 4. Bg2 O-O 5. O-O d6 6. a4 Nbd7 7. a5 c5 8. Nc3
Rb8 9. Nb5 a6 10. Na7 Qc7 11. Nxc8 Rfxc8 12. d5 b6 13. axb6 Rxb6 14. c4 Qb7 15.
Qc2 Ne8 16. Rb1 Rb8 17. Bh3 Ne5 18. Qe4 Nf6 19. Qh4 Nxf3+ 20. exf3 Rb4 21. Re1
Nxd5 22. Bd2 Rxb2 23. Rxb2 Qxb2 24. Bg5 Nf6 25. Rxe7 Qd4 26. Qxd4 Rb1+ 27. Kg2
cxd4 28. Ra7 h6 29. Bf4 g5 30. Bxd6 d3 31. Ra8+ Bf8 32. Bxf8 g4 33. Bxh6+ Kh7
34. fxg4 Kxh6 35. Rxa6 d2 36. Rxf6+ Kg5 37. Rf5+ Kg6 38. Rd5 d1=Q 39. Rxd1 Rxd1
40. g5 Rd4 41. f4 Rxc4 42. Bg4 Rc2+ 43. Kh3 Rb2 44. Bf3 Rd2 45. Be4+ Kg7 46.
Bf3 Kg6 47. g4 f5 48. gxf6 Kxf6 49. Kg3 Rc2 50. h4 Kg7 51. g5 Rc1 52. Kg4 Rg1+
53. Kf5 Rf1 54. Bg4 Ra1 55. h5 Ra5+ 56. Ke4 Ra4+ 57. Kf3 Ra3+ 58. Kf2 Rc3 59.
Bf3 Rc4 60. Kg3 Rc3 61. Kg4 Rc1 62. h6+ Kh8 63. Kf5 Rc5+ 64. Kf6 Rc3 65. Bd5
Rd3 66. Be6 Rg3 67. f5 Rg1 68. Kg6 Rh1 69. Bd7 Rd1 70. Be8 Re1 71. Kf7 Re5 72.
g6 Rxf5+ 73. Ke6 Rg5 1/2-1/2

[Event "Stuttgarter Stadtmeisterschaft B"]
[Site "Ditzingen"]
[Date "2015.05.14"]
[Round "1.11"]
[White "Häfele, Torsten"]
[Black "Tsybulevsky, Juri"]
[Result "1-0"]
[WhiteElo "1855"]
[BlackElo "1676"]
[PlyCount "37"]
[EventDate "2015.??.??"]
[WhiteTeam "SF Illingen"]
[BlackTeam "Stuttgarter SF"]

1. e4 Nc6 2. d4 e6 3. Nf3 a6 4. c3 Nf6 5. Bd3 Be7 6. Nbd2 O-O 7. Nf1 h6 8. h3
Nh7 9. Be3 d6 10. Qc2 Ng5 11. O-O-O e5 12. d5 Na7 13. Ng3 Nh7 14. Nh2 f6 15.
Nf5 Bd7 16. f4 Rf7 17. Qf2 Qe8 18. Nxe7+ Qxe7 19. Bxa7 1-0

[Event "Stuttgarter Stadtmeisterschaft B"]
[Site "Ditzingen"]
[Date "2015.05.14"]
[Round "1.12"]
[White "Meißner, Fabian"]
[Black "Ellinger, Harald"]
[Result "0-1"]
[WhiteElo "1666"]
[BlackElo "1854"]
[PlyCount "116"]
[EventDate "2015.??.??"]
[WhiteTeam "SG Ludwigsburg"]
[BlackTeam "SK Gerlingen"]

1. d4 d5 2. c4 e6 3. Nc3 Nf6 4. Nf3 c6 5. Bg5 Be7 6. e3 Nbd7 7. cxd5 exd5 8.
Qc2 O-O 9. Bd3 Re8 10. O-O Nf8 11. a3 Nh5 12. Bxe7 Qxe7 13. Rfe1 Be6 14. e4 Nf4
15. exd5 Nxd5 16. Re4 Ng6 17. Ne5 Nxe5 18. Rxe5 Nf6 19. Rae1 Qd7 20. Ne4 Nxe4
21. R5xe4 Bf5 22. R4e3 Bxd3 23. Qxd3 g6 24. b4 Rad8 25. h3 Rxe3 26. fxe3 Qd5
27. Re2 f5 28. Rf2 Re8 29. Rf4 Re4 30. Rxe4 fxe4 31. Qc2 b6 32. Kf1 Kg7 33. Ke1
a5 34. Kd1 axb4 35. axb4 b5 36. Qc3 Kf6 37. Ke1 h5 38. Kf2 g5 39. Kg1 h4 40.
Qe1 Qf5 41. Qc3 Qd5 42. Qe1 Qb3 43. Qc1 Qd5 44. Qe1 Qd6 45. Qc3 Ke6 46. Qc2 Qd5
47. Qf2 Qb3 48. Qd2 Kd5 49. Qf2 Kc4 50. Qf7+ Kc3 51. Qf6 Qd5 52. Qe7 Kd3 53.
Qc5 Qxc5 54. bxc5 b4 55. d5 b3 56. d6 b2 57. d7 b1=Q+ 58. Kh2 Qb8+ 0-1

[Event "Stuttgarter Stadtmeisterschaft B"]
[Site "Ditzingen"]
[Date "2015.05.14"]
[Round "1.13"]
[White "Behm, Wilfried"]
[Black "Giugno, Carmelo"]
[Result "1-0"]
[WhiteElo "1844"]
[BlackElo "1659"]
[PlyCount "118"]
[EventDate "2015.??.??"]
[WhiteTeam "SV Stuttgart-Wolfbusch"]
[BlackTeam "Stuttgarter SF 1879"]

1. d4 g6 2. c4 Nf6 3. Nc3 Bg7 4. e4 d6 5. Nge2 O-O 6. f3 e5 7. Be3 b6 8. d5 Ba6
9. Ng3 h5 10. Bd3 h4 11. Nge2 Nh5 12. Qd2 Nd7 13. g4 hxg3 14. hxg3 Nc5 15. g4
Nxd3+ 16. Qxd3 Nf4 17. Nxf4 exf4 18. Bxf4 Qf6 19. Qe3 Qd4 20. Qxd4 Bxd4 21.
O-O-O Bxc3 22. bxc3 Bxc4 23. Rd2 f6 24. Rdh2 g5 25. Be3 Bb5 26. Rh8+ Kf7 27.
R1h7+ Kg6 28. Rh6+ Kg7 29. R8h7+ Kg8 30. Rxc7 Rac8 31. Rxc8 Rxc8 32. Kd2 Kg7
33. Rh1 Bc4 34. a3 Kg6 35. f4 gxf4 36. Bxf4 Re8 37. Re1 Rd8 38. Ke3 b5 39. Kd4
a6 40. Rh1 Kg7 41. g5 fxg5 42. Bxg5 Rd7 43. Rh6 Kf7 44. Re6 Kg7 45. Bf4 Rf7 46.
Bxd6 Rf3 47. Be5+ Kh7 48. Kc5 Re3 49. Bd4 Re2 50. Re7+ Kg6 51. d6 Rh2 52. d7
Rh5+ 53. e5 Rh8 54. Re8 b4 55. axb4 Bb5 56. Rxh8 Bxd7 57. Kd6 Bb5 58. e6 Bd3
59. e7 Kf7 1-0

[Event "Stuttgarter Stadtmeisterschaft B"]
[Site "Ditzingen"]
[Date "2015.05.14"]
[Round "1.14"]
[White "Pfeilsticker, Thorsten"]
[Black "Pelezki, Sergej"]
[Result "1-0"]
[WhiteElo "1663"]
[BlackElo "1839"]
[PlyCount "69"]
[EventDate "2015.??.??"]
[WhiteTeam "SV Stuttgart-Wolfbusch"]
[BlackTeam "SV 1947 Wendlingen"]

1. d4 d5 2. Nf3 Nf6 3. e3 c6 4. Bd3 Bg4 5. Nbd2 e6 6. c3 Nbd7 7. Qc2 c5 8. Ne5
Nxe5 9. dxe5 Nd7 10. f4 c4 11. Bf1 Be7 12. b4 a5 13. Ba3 Qb6 14. Kf2 axb4 15.
Bxb4 Bf5 16. Qb2 Bc5 17. Re1 O-O 18. a3 Ra4 19. Nf3 Rfa8 20. Qc1 Bxb4 21. axb4
Ra1 22. Qxa1 Rxa1 23. Rxa1 h6 24. Ra5 g5 25. Nd4 Be4 26. Be2 f6 27. Rha1 gxf4
28. Rb5 fxe3+ 29. Kxe3 Qc7 30. Ra8+ Kh7 31. Re8 Nxe5 32. Nxe6 Qc6 33. Re7+ Kg6
34. Rg7+ Kf5 35. Nd4# 1-0

[Event "Stuttgarter Stadtmeisterschaft B"]
[Site "Ditzingen"]
[Date "2015.05.14"]
[Round "1.15"]
[White "Jäger, Hans-Ulrich"]
[Black "Christ, Marcel"]
[Result "1-0"]
[WhiteElo "1838"]
[BlackElo "1658"]
[PlyCount "113"]
[EventDate "2015.??.??"]
[WhiteTeam "SC Sillenbuch"]
[BlackTeam "SC Ingersheim"]

1. e4 c5 2. Nf3 d6 3. c3 g6 4. d4 cxd4 5. cxd4 Bg7 6. Bc4 Bg4 7. Bxf7+ Kxf7 8.
Ng5+ Ke8 9. Qxg4 Qd7 10. Qd1 Nc6 11. Be3 h6 12. Nf3 Nf6 13. Nc3 Qg4 14. d5 Nd8
15. O-O Nd7 16. h3 Qh5 17. Bd4 Kf7 18. Kh2 Be5+ 19. Nxe5+ dxe5 20. Qxh5 gxh5
21. Be3 b6 22. f4 Kg6 23. fxe5 Nxe5 24. Bd4 Ndf7 25. Rf5 Nc4 26. Bxh8 Rxh8 27.
Ne2 Nfd6 28. b3 Nxe4 29. Rf3 Ncd6 30. Nf4+ Kg5 31. Ne6+ Kg6 32. Rc1 Rc8 33. Rc6
Nf6 34. Rxc8 Nxc8 35. Nf4+ Kg5 36. g3 Ne4 37. Nd3 Nf6 38. Nf4 Ne4 39. Ne6+ Kg6
40. Rf8 Ncd6 41. Nf4+ Kg7 42. Ra8 h4 43. g4 a5 44. Kg2 Kf6 45. Nd3 Nc3 46. a3
Nxd5 47. Kf3 e5 48. Nf2 Nb5 49. Ne4+ Ke6 50. Re8+ Ne7 51. Rh8 Ng6 52. Rxh6 Kf7
53. Rh7+ Ke6 54. Rb7 Nd4+ 55. Ke3 Nf4 56. Rxb6+ Kd5 57. Rd6# 1-0

[Event "Stuttgarter Stadtmeisterschaft B"]
[Site "Ditzingen"]
[Date "2015.05.14"]
[Round "1.16"]
[White "Lang, Thomas"]
[Black "Tönjes, Jürgen"]
[Result "0-1"]
[WhiteElo "1653"]
[BlackElo "1838"]
[PlyCount "84"]
[EventDate "2015.??.??"]
[WhiteTeam "SV Jedesheim"]
[BlackTeam "SF Lilienthal"]

1. e4 d5 2. exd5 Qxd5 3. Nc3 Qa5 4. d4 Nf6 5. Bc4 c6 6. Bd2 Bf5 7. Nge2 e6 8.
Ng3 Bg6 9. d5 Qc5 10. Qe2 cxd5 11. Bb5+ Nc6 12. Rc1 a6 13. Bxc6+ Qxc6 14. f3
Bc5 15. h4 h5 16. Bg5 O-O-O 17. a3 Bxa3 18. bxa3 Qxc3+ 19. Bd2 Qc4 20. Qe5 Qc7
21. Bf4 Qxe5+ 22. Bxe5 Rhg8 23. c4 d4 24. O-O d3 25. Rfd1 Nd7 26. Bf4 e5 27.
Be3 Nb8 28. Bb6 Rd7 29. Ne4 Bxe4 30. fxe4 Nc6 31. Rd2 Nd4 32. Rcd1 Ne2+ 33. Kf2
Nc3 34. Re1 Na4 35. Be3 b6 36. Rc1 Kb7 37. Kf3 Rc8 38. Rcd1 Rxc4 39. Rxd3 Rxd3
40. Rxd3 Kc7 41. Rd5 f6 42. Bd2 Nc3 0-1

[Event "Stuttgarter Stadtmeisterschaft B"]
[Site "Ditzingen"]
[Date "2015.05.14"]
[Round "1.17"]
[White "Aubel, Sefan"]
[Black "Steinmassl, Guido"]
[Result "1/2-1/2"]
[WhiteElo "1831"]
[BlackElo "1636"]
[PlyCount "86"]
[EventDate "2015.??.??"]
[WhiteTeam "SV Oberstenfeld"]
[BlackTeam "SK Gerlingen"]

1. d4 Nf6 2. c4 e6 3. Nc3 d5 4. Bg5 Be7 5. Nf3 Nbd7 6. e3 O-O 7. cxd5 exd5 8.
Bd3 b6 9. O-O Bb7 10. Rc1 c5 11. b3 Rc8 12. Na4 Ne4 13. Bf4 Ndf6 14. Qe2 cxd4
15. Nxd4 Bb4 16. f3 Nc5 17. Nxc5 Bxc5 18. Bg5 Re8 19. Qd2 Qe7 20. Bb5 Bb4 21.
Qd3 Ba3 22. Rxc8 Rxc8 23. Bxf6 Qxf6 24. Ba6 Qe7 25. Nf5 Qd7 26. Bxb7 Qxb7 27.
Rd1 Bc5 28. b4 Bxb4 29. Qd4 Bf8 30. Qxd5 Qxd5 31. Rxd5 g6 32. Ng3 Rc1+ 33. Nf1
Bc5 34. Kf2 a5 35. Ke2 Kf8 36. Rd1 Rxd1 37. Kxd1 Ke7 38. Kd2 Ke6 39. Kd3 h5 40.
Nd2 f6 41. a4 f5 42. Nb3 Kd5 43. Nd4 Bb4 1/2-1/2

[Event "Stuttgarter Stadtmeisterschaft B"]
[Site "Ditzingen"]
[Date "2015.05.14"]
[Round "1.18"]
[White "Hartmann, Anatoli"]
[Black "Rühl, Volker"]
[Result "0-1"]
[WhiteElo "1630"]
[BlackElo "1830"]
[PlyCount "118"]
[EventDate "2015.??.??"]
[WhiteTeam "SK Sachsenheim"]
[BlackTeam "VfL Sindelfingen"]

1. d4 Nf6 2. Nf3 g6 3. Bg5 Bg7 4. Nbd2 d5 5. c3 Nbd7 6. e3 O-O 7. Bd3 Re8 8.
O-O c5 9. dxc5 Nxc5 10. Bc2 b5 11. Nb3 Nce4 12. Bxf6 Nxf6 13. Bd3 Qb6 14. a4
bxa4 15. Rxa4 Bg4 16. Be2 a5 17. Nfd2 Bd7 18. Ra2 Rec8 19. Bf3 Ra7 20. Qa1 a4
21. Be2 Ne8 22. Nd4 Nd6 23. Rc1 e5 24. N4f3 e4 25. Nd4 Bxd4 26. exd4 Bb5 27.
Bd1 Rca8 28. h3 f5 29. Ra3 Qc7 30. Nf1 f4 31. Bg4 Bd7 32. Bxd7 Qxd7 33. Nd2 f3
34. Qa2 Nb5 35. Nxe4 Qf7 36. Qxd5 Nxa3 37. Qxf7+ Kxf7 38. bxa3 fxg2 39. Kxg2
Ke6 40. f4 Rb8 41. Kf3 Rc7 42. Nc5+ Rxc5 43. dxc5 Kd5 44. c6 Kxc6 45. Ke3 Rb3
46. Kd4 Rxa3 47. Kc4 Ra2 48. Rf1 Rh2 49. Rf3 a3 50. f5 a2 51. Rf1 gxf5 52. Ra1
Rd2 53. Kb3 f4 54. c4 f3 55. Kc3 Re2 56. Kd3 Kc5 57. h4 h5 58. Rf1 Rb2 59. Kc3
Rb1 0-1

[Event "Stuttgarter Stadtmeisterschaft B"]
[Site "Ditzingen"]
[Date "2015.05.14"]
[Round "1.19"]
[White "Grünert, Thomas"]
[Black "Awiszus, Thomas"]
[Result "1/2-1/2"]
[WhiteElo "1826"]
[BlackElo "1619"]
[PlyCount "47"]
[EventDate "2015.??.??"]
[WhiteTeam "SF Illingen"]
[BlackTeam "SK Schmiden/Cannstatt"]

1. d4 Nf6 2. Nf3 g6 3. Bg5 Bg7 4. Nbd2 d5 5. c3 O-O 6. e3 Nbd7 7. Bd3 c5 8. Qe2
Re8 9. Ne5 Nxe5 10. dxe5 Ng4 11. Bb5 Rf8 12. f4 a6 13. h3 Nxe3 14. Qxe3 d4 15.
cxd4 cxd4 16. Qa3 f6 17. Bc4+ Kh8 18. Bh4 b5 19. Bxb5 Bb7 20. Bd3 Bxg2 21. Be4
Bxh1 22. Bxh1 Ra7 23. exf6 exf6 24. O-O-O 1/2-1/2

[Event "Stuttgarter Stadtmeisterschaft B"]
[Site "Ditzingen"]
[Date "2015.05.14"]
[Round "1.20"]
[White "Wachtel, Arthur"]
[Black "Jantos, Stefan"]
[Result "0-1"]
[WhiteElo "1607"]
[BlackElo "1825"]
[PlyCount "40"]
[EventDate "2015.??.??"]
[WhiteTeam "SK Freising"]
[BlackTeam "SF Oeffingen"]

1. e4 d5 2. exd5 Nf6 3. d4 Nxd5 4. Bc4 Nc6 5. c3 Nb6 6. Bd3 e5 7. Qe2 Qe7 8.
dxe5 Qxe5 9. Bf4 Qxe2+ 10. Nxe2 Nd5 11. Bg3 Be6 12. Nf4 Nxf4 13. Bxf4 O-O-O 14.
Ke2 Bd6 15. Be3 Ne5 16. Rd1 Nxd3 17. Kxd3 Ba3+ 18. Kc2 Bf5+ 19. Kc1 Rxd1+ 20.
Kxd1 Bxb2 0-1

[Event "Stuttgarter Stadtmeisterschaft B"]
[Site "Ditzingen"]
[Date "2015.05.14"]
[Round "1.21"]
[White "Kleih, Julian"]
[Black "Dallinger, Moritz"]
[Result "1-0"]
[WhiteElo "1823"]
[BlackElo "1570"]
[PlyCount "69"]
[EventDate "2015.??.??"]
[WhiteTeam "SV Dettingen Erms"]
[BlackTeam "SV Stuttgart-Wolfbusch"]

1. d4 Nf6 2. c4 e6 3. g3 Bb4+ 4. Bd2 c5 5. Bxb4 cxb4 6. Bg2 Nc6 7. Nf3 O-O 8.
O-O d5 9. Nbd2 Ne4 10. e3 a5 11. Qe2 b6 12. Rfc1 Ba6 13. Qd1 Rc8 14. cxd5 exd5
15. Nxe4 dxe4 16. Nd2 f5 17. Bf1 b5 18. Nb3 Rc7 19. Nc5 Bc8 20. Bxb5 f4 21.
Nxe4 Be6 22. Rxc6 Bd5 23. Rxc7 Qxc7 24. Nc5 fxg3 25. fxg3 Qf7 26. Qe2 Bf3 27.
Qf2 Qh5 28. Rf1 Rf6 29. Nd7 Rf5 30. Bc4+ Kh8 31. Ne5 Be4 32. Qe2 h6 33. Qxh5
Rxh5 34. Rf4 Bc2 35. Bd3 1-0

[Event "Stuttgarter Stadtmeisterschaft B"]
[Site "Ditzingen"]
[Date "2015.05.14"]
[Round "1.22"]
[White "Collin, Alexander"]
[Black "Pelezki, Jurij"]
[Result "1/2-1/2"]
[WhiteElo "1591"]
[BlackElo "1822"]
[PlyCount "56"]
[EventDate "2015.??.??"]
[WhiteTeam "Schach-Pinguine Murrhardt"]
[BlackTeam "SV Fellbach"]

1. e4 e5 2. Nf3 Nc6 3. d4 exd4 4. Nxd4 Bc5 5. Nxc6 bxc6 6. Nc3 Qf6 7. Qf3 d6 8.
Bd3 Qxf3 9. gxf3 Bd4 10. Be3 Bxc3+ 11. bxc3 Be6 12. c4 Ne7 13. c5 a5 14. a4 f6
15. Rb1 O-O 16. Ke2 Rfb8 17. cxd6 cxd6 18. Bf4 Nc8 19. h4 Rb4 20. Rxb4 axb4 21.
Ra1 c5 22. Bb5 Kf7 23. Kd3 Ke7 24. Bc4 Nb6 25. Bxe6 Kxe6 26. a5 Nc8 27. Kc4 Na7
28. Rd1 Rd8 1/2-1/2

[Event "Stuttgarter Stadtmeisterschaft B"]
[Site "Ditzingen"]
[Date "2015.05.14"]
[Round "1.23"]
[White "Fais, Sami"]
[Black "Longo, Massimo"]
[Result "0-1"]
[WhiteElo "1817"]
[BlackElo "1580"]
[PlyCount "114"]
[EventDate "2015.??.??"]
[WhiteTeam "VfL Sindelfingen"]
[BlackTeam "SK Germering"]

1. d4 Nf6 2. c4 e6 3. Nc3 c5 4. e3 Be7 5. Nf3 O-O 6. Bd3 Nc6 7. O-O Re8 8. b3
b6 9. Bb2 Bb7 10. Rc1 a6 11. Ne5 Nb4 12. Bb1 Qc7 13. Ng4 Nc6 14. Nxf6+ Bxf6 15.
Ne4 Be7 16. d5 f5 17. d6 Qc8 18. dxe7 fxe4 19. Bxe4 Nxe7 20. Qg4 g6 21. Qf4
Bxe4 22. Qe5 Nf5 23. Qh8+ Kf7 24. Qxh7+ Kf8 25. Qh8+ Ke7 26. Qf6+ Kd6 27. Qe5+
Kc6 28. Qxe4+ d5 29. cxd5+ exd5 30. Qa4+ Kb7 31. Rfd1 Re4 32. Qa3 Qe6 33. Bc3
Nh4 34. f3 Rxe3 35. Re1 Re8 36. Rf1 Re2 37. Rce1 Nxg2 38. Rxe2 Qxe2 39. Qb2
Qxb2 40. Bxb2 Nf4 41. Bc1 Ne2+ 42. Kf2 Nxc1 43. Rxc1 Kc6 44. Rg1 Re6 45. f4 b5
46. h4 c4 47. Rc1 Kc5 48. a3 a5 49. Kf3 d4 50. Kg4 d3 51. bxc4 bxc4 52. f5
gxf5+ 53. Kxf5 Re2 54. h5 Rh2 55. Ke4 Rxh5 56. Ke3 Re5+ 57. Kd2 Kd4 0-1

[Event "Stuttgarter Stadtmeisterschaft B"]
[Site "Ditzingen"]
[Date "2015.05.14"]
[Round "1.24"]
[White "Forster, Lukas"]
[Black "Shahisavandi, Abdollah"]
[Result "1/2-1/2"]
[WhiteElo "1571"]
[BlackElo "1817"]
[PlyCount "76"]
[EventDate "2015.??.??"]
[WhiteTeam "Stuttgarter SF 1879"]
[BlackTeam "Karlsruher SF 1853"]

1. e4 c5 2. Nf3 Nf6 3. Nc3 d6 4. d4 cxd4 5. Nxd4 Nc6 6. Be3 g6 7. f3 Bg7 8. Qd2
Bd7 9. O-O-O a6 10. Kb1 Qa5 11. g4 Nxd4 12. Bxd4 Qc7 13. Bxf6 exf6 14. Qxd6
Qxd6 15. Rxd6 Ke7 16. Rd1 Be6 17. Nd5+ Bxd5 18. Rxd5 b5 19. Be2 Rad8 20. Rhd1
Bh6 21. a3 Bf4 22. Rxd8 Rxd8 23. Rxd8 Kxd8 24. h3 Kc7 25. c4 Kb6 26. Kc2 Kc5
27. Kb3 g5 28. cxb5 axb5 29. Kc3 Be5+ 30. Kc2 Bd4 31. b3 Be5 32. a4 bxa4 33.
bxa4 Kd4 34. Kd2 Bc7 35. Bb5 Ke5 36. Ke2 Kf4 37. Be8 Kg3 38. Bxf7 Kxh3 1/2-1/2

[Event "Stuttgarter Stadtmeisterschaft B"]
[Site "Ditzingen"]
[Date "2015.05.14"]
[Round "1.25"]
[White "Bender, Jonas"]
[Black "Khamenya, Vitalia"]
[Result "1-0"]
[WhiteElo "1814"]
[BlackElo "1570"]
[PlyCount "71"]
[EventDate "2015.??.??"]
[WhiteTeam "SV Stuttgart-Wolfbusch"]
[BlackTeam "SK Gräfelfing"]

1. f4 b6 2. Nf3 Bb7 3. e3 g6 4. Nc3 Bg7 5. b3 e6 6. Bb2 Ne7 7. Bd3 d6 8. Qe2 a6
9. a4 Nd7 10. O-O h5 11. e4 h4 12. h3 Nf6 13. Nd1 Nh5 14. Bxg7 Nxg7 15. Qf2 Ng8
16. Ne3 Nf6 17. Ng5 Qe7 18. f5 gxf5 19. exf5 Ngh5 20. fxe6 O-O-O 21. Nxf7 Rhf8
22. Nxd8 Ng3 23. Nxb7 Kxb7 24. Nf5 Qxe6 25. Nxg3 hxg3 26. Qf3+ Ka7 27. Qc6 Qe7
28. Rae1 Qd8 29. Re6 Qd7 30. Qxd7 Nxd7 31. Rxf8 Nxf8 32. Re8 Nd7 33. Be4 b5 34.
a5 Nb8 35. h4 c6 36. Rxb8 1-0